1977 1962 1470 1489 1843 1788 1801 1329 1814 1406 1938 1445 1993 1685 1743 1468 1377 1447 1677 1032 1597 1147 1314 1961 1383 1856 1546 1126 1261 1807 1878 1723 1704 1102 1106 1900 1955 1101 1523 1397 1429 1227 1554 1513 1164 1818 1594 1297 1711 1678 1534 1521 1624 1758 1684 1053 1408 1088 1635 1777 1922 1841 1135 1813 1538 1663 1067 1561 1806 1838 1474 1603 1172 1845 1292 1606 1217 1729 1585 1198 1032 1195 1044 1791 1075 1340 1520 1433 1634 1499 1900 1140 1552 1469 1412 1261 1528 1543 1213 BCNSPRNW ULIB Ver.6.0+V

เปลี่ยนเป็นภาษาไทย

Change to English
 แสดงรายละเอียดบรรณานุกรม
  กลับหน้าหลัก

Brief Record : Get Marc (ISO 2709) : E-mail record : QR code < ปิดหน้าต่าง
LEADER : 00000nam 2200000uu 4500
001    13399124820
003     ULIB
008    160331s2015||||th 000 0 eng d
020    9780071738811
060 04 ^aWX218^bP957
245 00 ^aPrinciples of critical care /^cJesse B. Hall, Gregory A.Schmidt, Lawrence D.H. Wood
250    ^a4th ed
260    ^aNew York :^bMcGraw-Hill,^c2005
300    ^axxvii,1361 p. :^bill. ;^c23 cm.
504    ^aIncludes bibliographical references
650  2 ^aCritical Care
650  2 ^aIntensive Care Units^xorganization & administration
700 1  ^aHall, Jesse B.,^eed.
700 1  ^aSchmidt, Gregory A.,^eed.
700 1  ^aWood, Lawrence D.H.,^eed.
945    ^p0^l0^i000363
999    ^aเกษร โพธิ์สุวรรณ
รายการนี้ยังไม่มีแท็ก
คุณยังไม่ได้ล็อกอิน คุณสามารถมีกิจกรรมร่วมกับเว็บไซต์ได้ แต่ต้องล็อกอินก่อน ::
  ล็อกอิน

รายการสื่อสารสนเทศ

ลำดับที่ ประเภท เลขเรียก/บาร์โค้ด สถานที่ สถานะ
1. Book การพยาบาล
Book การพยาบาล
WX218 P957 ฉ.1 
  Barcode: 000363
ห้องสมุดวิทยาเขตสวรรค์ประชารักษ์
►หนังสือทั่วไป
บนชั้น

รายการใกล้เคียง
    หัวเรื่อง [Critical Care]

BibComment


ยังไม่เคยถูกคอมเมนท์

คอมเมนท์ทรัพยากรรายการนี้
  คอมเมนท์: Principles of cr..


 Copyright 2026. Bcnsprnw @Library